=LDR 00000nam 2200000 4500 =001 INLIS000000000053130 =005 20180403075744 =035 ##$$a 0010-0418000021 =007 ta =008 180403###########################0###### =020 ##$$a 978-979-28-1574-0 =082 ##$$a 540.71 =084 ##$$a 540.71 ERF b =100 #$$a Erfan Priyambodo =245 1#$$a Buku guru kimia untuk SMA/MA kelas XI /$c Erfan Priyambodo =260 ##$$a Klaten :$b Intan Pariwara,$c 2016 =300 ##$$a 298 Hlm : $b ilus ; $c 21 cm =650 ##$$a kimia - studi & pengajaran =700 #$$a Erfan Priyambodo ..( et.all) =700 #$$a Anik Qurniawati =504 ##$$a Bibliografi : Hlm. 282 =990 ##$$a 69396939 =990 ##$$a 69396939 =990 ##$$a 69396939 =990 ##$$a 69396939 =990 ##$$a 69396939 =990 ##$$a 21711124 =990 ##$$a 01201806939 =990 ##$$a 01201806940 =990 ##$$a 01201806941 =990 ##$$a 01201806942 =990 ##$$a 21711125 =990 ##$$a 01201806939 =990 ##$$a 01201806940 =990 ##$$a 01201806941 =990 ##$$a 21711124 =990 ##$$a 21711126 =990 ##$$a 01201806939 =990 ##$$a 01201806940 =990 ##$$a 21711125 =990 ##$$a 21711124 =990 ##$$a 21711127 =990 ##$$a 01201806939 =990 ##$$a 21711126 =990 ##$$a 21711125 =990 ##$$a 21711124 =990 ##$$a 21711128 =990 ##$$a 21711127 =990 ##$$a 21711126 =990 ##$$a 21711125 =990 ##$$a 21711124